A orillas del río Piedra me senté y lloré / (Registro nro. 12688)
[ vista simple ]
| 000 -LIDER | |
|---|---|
| fixed length control field | 00821nam a22002657a 4500 |
| 003 - IDENTIFICACDOR DE NÚMERO DE CONTROL | |
| control field | DO-SdBNP |
| 005 - DATE AND TIME OF LATEST TRANSACTION | |
| control field | 20230223125215.0 |
| 008 - ELEMENTOS DE LONGITUD FIJA | |
| fixed length control field | 171024b2009 sp ||| 00| 0 spa d |
| 020 ## - ISBN | |
| International Standard Book Number | 9786074296006 |
| 040 ## - FUENTE DE CATALOGACIÓN | |
| Agencia que crea de manera original el registro | BPMSU |
| Idioma de catalogación | spa |
| Agencia que realiza la transcripción | BPMSU |
| 082 #4 - NÚMERO DE CLASIFICACIÓN DECIMAL DE DEWEY | |
| Classification number | B869.3 |
| Item number | C672a 2009 |
| Edition number | 22 |
| 100 1# - ASIENTO PRINCIPAL -- NOMBRE PERSONAL | |
| Nombre personal | Coelho, Paulo |
| Número de la parte o sección de una obra | 1947- |
| 245 10 - MENCIÓN DE TITULO | |
| Título | A orillas del río Piedra me senté y lloré / |
| Mención de responsabilidad | Paulo Coelho ; traducción Monserrat Mira |
| 260 ## - PUBLICACIÓN, DISTRIBUCIÓN, ETC. (PIE DE IMPRENTA) | |
| Lugar de publicación, distribución, etc | Barcelona : |
| Nombre del editor, distribuidor, etc. | Sant Jordi ; |
| Fecha de publicación, distribución, etc | 2009. |
| 300 ## - DESCRIPCIÓN FÍSICA | |
| Extensión | 232 p. ; |
| Otros detalles físicos | il. ; |
| Dimensiones | 19 cm. |
| 500 ## - NOTA GENERAL | |
| Nota general | |
| 586 ## - AWARDS NOTE | |
| Awards note | Best Seller <br/><br/> |
| 590 ## - NOTA LOCAL | |
| Enlace | Inventariado, 2023VM |
| 650 #4 - ENCABEZAMIENTO DE MATERIA--TEMÁTICO | |
| Término temático o nombre geográfico como elemento de entrada | Novela amorosa brasileña |
| 650 #4 - ENCABEZAMIENTO DE MATERIA--TEMÁTICO | |
| Término temático o nombre geográfico como elemento de entrada | Vida cotidiana |
| Subdivisión de forma | Novela. |
| 650 #4 - ENCABEZAMIENTO DE MATERIA--TEMÁTICO | |
| Término temático o nombre geográfico como elemento de entrada | Novela amorosa brasileña |
| 700 1# - ASIENTO SECUNDARIO -- NOMBRE PERSONAL | |
| Nombre personal | Mira, Montserrat, |
| Mención de responsabilidad | tr. |
| 910 ## - VALIDACIÓN | |
| Validación | BTAVAREZ/VMateo V. Cotrol de calidad (BPMSU) |
| 942 ## - ADDED ENTRY ELEMENTS (KOHA) | |
| Source of classification or shelving scheme | Dewey Decimal Classification |
| Koha item type | Libros |
| Withdrawn status | Lost status | Source of classification or shelving scheme | Damaged status | Not for loan | Collection code | Home library | Current library | Date acquired | Source of acquisition | Full call number | Barcode | Date last seen | Price effective from | Koha item type |
|---|---|---|---|---|---|---|---|---|---|---|---|---|---|---|
| Dewey Decimal Classification | Colección General | Biblioteca Pública Metropolitana Salomé Ureña | Biblioteca Pública Metropolitana Salomé Ureña | 10/24/2017 | COMPRA | BPMSU CG B869.3 C672a 2009 | BPMSU7100145 | 10/24/2017 | 10/24/2017 | Libros |